Statistics for Fictional Characters by Picture - I

Click here to take the quiz!

General Stats

  • This quiz has been taken 16,994 times
  • The average score is 8 of 16

Answer Stats

Answer% Correct
Indiana Jones
97%
{Iron} {Man}
96%
{Inspector} {Gadget}
73%
Icarus
67%
{Iron} {Giant}
56%
Ivan Drago
54%
Itchy
51%
Igor
49%
Iago
43%
Iceman
42%
Inigo Montoya
41%
Cousin {Itt}
38%
Ivysaur
38%
Ike Broflovski
34%
Imhotep
24%
Irene Adler
23%

Score Distribution

Percentile by Number Answered

Percent of People with Each Score

Your Score History

You have not taken this quiz